| 000 | 00516nam a2200181Ia 4500 | ||
|---|---|---|---|
| 005 | 20250326124405.0 | ||
| 008 | 250326s9999 xx 000 0 und d | ||
| 037 | _aTextbook | ||
| 040 |
_aFMSL _beng _cFMSL |
||
| 041 |
_aeng _2eng |
||
| 084 |
_aX:75.53 K5 _qFMSL |
||
| 100 |
_aHackett J _9737326 |
||
| 245 | 0 |
_aEconomic planning in France _cHackett J; Hackett A M |
|
| 260 |
_aLondon _bLondon, George Allen & Uniwin _c1965 |
||
| 300 | _a420p | ||
| 942 |
_cTB _hX:75.53 K5 |
||
| 999 |
_c1273527 _d1273527 |
||